Vanaspatee Jeewan (Record no. 346734)

MARC details
000 -LEADER
fixed length control field 004060000a22001690004500
005 - DATE AND TIME OF LATEST TRANSACTION
control field 20120302054832.0
040 ## - CATALOGING SOURCE
Original cataloging agency MAR
100 ## - MAIN ENTRY--PERSONAL NAME
Personal name Aajarekar,Sripaad Laxman
245 ## - TITLE STATEMENT
Title Vanaspatee Jeewan
260 ## - PUBLICATION, DISTRIBUTION, ETC. (IMPRINT)
Place of publication, distribution, etc Naagapur:Suvichaara Prakashan Mandal,1938.
300 ## - PHYSICAL DESCRIPTION
Extent 200p.
365 ## - TRADE PRICE
Price amount 2/-
490 ## - SERIES STATEMENT
Series statement Navabharat Granthmaalaa-13.
650 ## - SUBJECT ADDED ENTRY--TOPICAL TERM
Topical term or geographic name as entry element Sankirna
650 ## - SUBJECT ADDED ENTRY--TOPICAL TERM
Topical term or geographic name as entry element Vanaspatijeewan
942 ## - ADDED ENTRY ELEMENTS (KOHA)
Koha item type Book
Holdings
Withdrawn status Lost status Damaged status Not for loan Home library Current library Date acquired Total Checkouts Barcode Date last seen Price effective from
        Institute For Oriental Study, Thane Institute For Oriental Study, Thane 12/02/2009   IOS-3410 12/02/2009 12/02/2009